000 01080nam a2200277Ia 4500
001 Para_9970
003 CHAP
008 220125sDici xx 000 0 und d
010 _a208675
040 _cCHAP
090 _aPA CD - TESIS 55
100 _aNájera Jantes, Kristian Augusto
_9175092
245 _aControl biológico de chapulín diferencial (Melanoplus differentialis) con Metarhizium anisopliae var. acridum en la zona federal del exlago de Texcoco, Texcoco Estado de México /
_c Kristian Augusto Nájera Jantes; Director Rodolfo Campos Bolaños
260 _aChapingo, Méx. :
_b el autor
300 _a1 CDS ROM (s/n p.)
502 _aTesis (Ing. Agr. Esp. en Parasitología Agrícola). UACh. Departamento Parasitología Agrícola
700 _aCampos Bolaños, Rodolfo. Director
_9175074
710 _aUACh. Departamento Parasitología Agrícola
_9164025
901 _aPA CD - TESIS 55
902 _aM
905 _a513220Diciembre, 2010 8100000000 06
910 _aDici
942 _cPARA
942 _cPARA
_d2
999 _c208675
_d208675